Southville International School and Colleges
Your cart is empty.
  • Cart
  • Lists
    Public lists Eva Luna New books Lux_list list_1
    Your lists Log in to create your own lists
  • Log in to your account
  • Your cookies
  • Search history
Southville International School and Colleges
  • Advanced search
  • Recent comments
  • Most popular
  • Libraries

Log in to your account

Log in with GOOGLE


If you do not have an external account, but do have a local account, you can still log in:

  1. Home
  2. MARC view: Comparative analysis of the academic performance of Korean students living and not living with parents /
Normal view MARC view ISBD view

Comparative analysis of the academic performance of Korean students living and not living with parents / (Record no. 278698)

[ view plain ]
MARC details
000 -LEADER
fixed length control field 00795nam a2200205Ia 4500
003 - CONTROL NUMBER IDENTIFIER
control field 0
005 - DATE AND TIME OF LATEST TRANSACTION
control field 20250131070722.0
008 - FIXED-LENGTH DATA ELEMENTS--GENERAL INFORMATION
fixed length control field 150126s9999 xx 000 0 und d
050 ## - LIBRARY OF CONGRESS CALL NUMBER
Classification number PHS LC 3731
Item number .K49 2014
100 ## - MAIN ENTRY--PERSONAL NAME
Personal name Kim, Bora.
245 ## - TITLE STATEMENT
Title Comparative analysis of the academic performance of Korean students living and not living with parents /
Statement of responsibility, etc Bora Kim.
260 ## - PUBLICATION, DISTRIBUTION, ETC. (IMPRINT)
Place of publication, distribution, etc Las Piñas City, Philippines :
Name of publisher, distributor, etc Southville International School and Colleges,
Date of publication, distribution, etc 2014.
300 ## - PHYSICAL DESCRIPTION
Extent 33 pages :
Other physical details illustration ;
Dimensions 28 cm.
504 ## - BIBLIOGRAPHY, ETC. NOTE
Bibliography, etc Includes bibliographical references.
650 ## - SUBJECT ADDED ENTRY--TOPICAL TERM
Topical term or geographic name as entry element Korean students
Form subdivision Academic performance.
650 ## - SUBJECT ADDED ENTRY--TOPICAL TERM
Topical term or geographic name as entry element Academic achievement
Form subdivision Social aspects.
650 ## - SUBJECT ADDED ENTRY--TOPICAL TERM
Topical term or geographic name as entry element Parental influence
Form subdivision Education.
650 ## - SUBJECT ADDED ENTRY--TOPICAL TERM
Topical term or geographic name as entry element Education, Secondary
Form subdivision Foreign students.
942 ## - ADDED ENTRY ELEMENTS (KOHA)
Source of classification or shelving scheme Library of Congress Classification
Koha item type PASS
Holdings
Withdrawn status Lost status Source of classification or shelving scheme Damaged status Home library Current library Shelving location Date acquired Source of acquisition Total Checkouts Full call number Barcode Date last seen Price effective from Koha item type
    Library of Congress Classification   Luxembourg Library Luxembourg Library Portfolio Assessment of SISC Students Section 02/06/2042 Donation   PHS LC 3731 .K49 2014 P3354 01/26/2015 01/26/2015 PASS

Comparative analysis of the academic performance of Korean students living and not living with parents /

APA

Kim B., . (2014). Comparative analysis of the academic performance of Korean students living and not living with parents. Las Piñas City, Philippines: Southville International School and Colleges.

Chicago

Kim Bora, . 2014. Comparative analysis of the academic performance of Korean students living and not living with parents. Las Piñas City, Philippines: Southville International School and Colleges.

Harvard

Kim B., . (2014). Comparative analysis of the academic performance of Korean students living and not living with parents. Las Piñas City, Philippines: Southville International School and Colleges.

MLA

Kim Bora, . Comparative analysis of the academic performance of Korean students living and not living with parents. Las Piñas City, Philippines: Southville International School and Colleges. 2014.

  • Print
  • Cite
  • Add to your cart (remove)
  • Save record
    BIBTEX Dublin Core MARCXML MARC (non-Unicode/MARC-8) MARC (Unicode/UTF-8) MARC (Unicode/UTF-8, Standard) MODS (XML) RIS
  • More searches
    Search for this title in:
    Other Libraries (WorldCat) Other Databases (Google Scholar) Online Stores (Bookfinder.com) Open Library (openlibrary.org)

Exporting to Dublin Core...

SOUTHVILLE LIBRARY

Southville International School and Colleges Library

1281 Tropical Ave. Cor. Luxembourg St., BF Homes International, Las Pinas City

Tel. No. 8256374 / 252358 Loc. 117/146

Powered by Koha